LEADER 00700naa a2200157 i 4500 001 000000296956 003 CaOOAMICUS 005 20180831172555.0 008 180831n xx u000 u und u 013 $a4470 040 $aSeMil$bita 100 0 $aStanislao : da Campagnola,$c.$0(OLS)http://semarc/name/23280 245 13$aLa predicazione quaresimale. Gestione, evoluzione, tipologie. 650 4$aPredicazione - Studi.$0(OLS)http://semarc/subject/1679 773 0 $tPredicazione in Italia dopo il Concilio di Trento tra Cinquecento e Settecento.$kStoria della Chiesa$z88-396-0667-X$w()48661 996 $6245$aLa predicazione quaresimale. Gestione, evoluzione, tipologie$9(OLS)http://semarc/title/373000 LEADER 00879nam a2200241 i 4500 001 000000077702 003 CaOOAMICUS 005 20200429164957.0 008 010710s2001 it u000 u mul u 013 $a48875 020 $a88-311-9412-7 040 $aSeMil$bita 245 10$a4: (28.-35.) ; Indici. 300 $a676 p., [2] c. di tav. 500 $aindici di Elisabetta Spagnolo 700 1 $aSpagnolo, Elisabetta.$0(OLS)http://semarc/name/38203 773 0 $t1: Commento morale a Giobbe.$dRoma : Cittą Nuova, 1992-2001.$g4$w()3421 850 $aSeMil 852 $aSeMil$W1$xVenegono$y1$mSL1.V V 41/4$j43854$B43854$CSeMilBibl$Z2$F43127 $8I 961 $aSottoscrizione: Cittą Nuova (Agente) 996 $6020$a88-311-9412-7$9(OLS)http://semarc/number/59593 996 $6245$a4: (28.-35.) ; Indici$9(OLS)http://semarc/title/126234